Toutes les cartes FUT du Real Madrid sur EA FC 24 - Statistiques

Statistiques générales
  • Ce quiz a été pris 157 fois
    131 depuis la dernière actualisation
  • Le résultat moyen est 33 sur 59
Statistiques - réponses
Hint Réponse % Correct
G Courtois
93%
G Lunin
93%
Carvajal
76%
G Kepa
75%
Mendy
72%
Alaba
71%
Mendy
70%
Mendy
70%
Camavinga
69%
Kroos
69%
Modric
69%
Alaba
68%
Alaba
68%
Bellingham
68%
Bellingham
68%
Camavinga
68%
Kroos
68%
Modric
68%
Rudiger
68%
Rudiger
68%
Tchouameni
68%
Valverde
68%
Valverde
68%
Valverde
68%
Militao
67%
Militao
67%
Rudiger
67%
Vinicius
67%
Bellingham
66%
Bellingham
66%
Carvajal
66%
Modric
66%
Bellingham
65%
Rodrygo
65%
Vinicius
65%
Camavinga
64%
Rodrygo
63%
Guler
62%
Rodrygo
62%
Rodrygo
62%
Vazquez
61%
Courtois
56%
Joselu
56%
Nacho
54%
Vazquez
53%
Fran garcia
45%
Ceballos
43%
Brahim diaz
41%
Brahim diaz
41%
Odriozola
25%
G Canizares
13%
Alvaro
12%
Reiner
12%
Iker Bravo
5%
Marvel
5%
Nakai
5%
Peter
5%
Noel
3%
Obrador
3%
Aucun quiz correspondant
Distribution des résultats
% des personnes avec chaque résultat
Percentile par nombre de réponses
Votre historique - résultats
Vous n’avez pas pris ce quiz depuis la dernière actualisation